Promising drought tolerance associated genes of Hevea brasiliensis (Record no. 65928)

MARC details
000 -LEADER
fixed length control field 00491nam a2200145Ia 4500
100 ## - MAIN ENTRY--AUTHOR NAME
Personal name Luke L P
245 #0 - TITLE STATEMENT
Title Promising drought tolerance associated genes of Hevea brasiliensis
260 ## - PUBLICATION, DISTRIBUTION, ETC. (IMPRINT)
Name of publisher Proceedings of 24th Kerala Science Congress, 29-31 January 2012, Rubber Research Institute of India, Kottayam, India, pp.223-255.
650 ## - SUBJECT ADDED ENTRY--TOPICAL TERM
Topical Term Drought tolerance
650 ## - SUBJECT ADDED ENTRY--TOPICAL TERM
Topical Term Genes
700 ## - ADDED ENTRY--PERSONAL NAME
Personal name Sathik M B M
700 ## - ADDED ENTRY--PERSONAL NAME
Personal name Thomas M
942 ## - ADDED ENTRY ELEMENTS (KOHA)
Koha item type Journals
Holdings
Withdrawn status Lost status Damaged status Not for loan Home library Current library Shelving location Date acquired Koha item type
      Journals RRII Library RRII Library Physiology 14/05/2012 Journals